y

Elmentve itt :
Bibliográfiai részletek
Szerző: Géczi János
Dokumentumtípus: Cikk
Megjelent: JATE Szeged 1978
Sorozat:Bölcsész
Kulcsszavak:Magyar irodalom - vers
Tárgyszavak:
Online Access:http://acta.bibl.u-szeged.hu/7973
LEADER 00622nab a2200205 i 4500
001 acta7973
005 20250926110322.0
008 161015s1978 hu o 000 hun d
022 |a 0139-0171 
040 |a SZTE Egyetemi Kiadványok Repozitórium  |b hun 
041 |a hun 
100 1 |a Géczi János 
245 1 0 |a y  |h [elektronikus dokumentum] /  |c  Géczi János 
260 |a JATE  |b Szeged  |c 1978 
300 |a 81 
490 0 |a Bölcsész 
650 4 |a Bölcsészettudományok 
650 4 |a Nyelvek és irodalom 
695 |a Magyar irodalom - vers 
856 4 0 |u http://acta.bibl.u-szeged.hu/7973/1/bolcsesz_1978_081.pdf  |z Dokumentum-elérés